000 00648nam a22001817a 4500
999 _c62065
_d62065
005 20240702120429.0
008 240702s2020 enk||||| |||| 00| 0 eng d
020 _a9780190939120x
041 _aeng
080 _a174.2 B-34
100 _aBeauchamp, Tom L.
_922648
245 _aPrinciples of Animal Research Ethics /
_c Tom L. Beauchamp, David DeGrazia.
264 _aOxford :
_bOxford University Press,
_c2020.
300 _a164 p.;
_b22 cm.
653 _aცხოველთა კვლევის ეთიკის პრინციპები
700 _aDeGrazia, David
_eავტორი
_922649
942 _2udc
_cᲬᲘᲒᲜᲘ